Effectif France Quarts de finale de la Ligue des Nations 2024/2025 - Statistiques

Statistiques générales
  • Ce quiz a été pris 93 fois
  • Le résultat moyen est 24 sur 25
Statistiques - réponses
Poste Club Joueur % Correct
Coach - Didier Deschamps
100%
Gardien de but LOSC Lille Lucas Chevalier
100%
Gardien de but AC Milan Mike Maignan
100%
Milieu de terrain Real Madrid Aurélien Tchouaméni
99%
Défenseur FC Barcelone Jules Koundé
99%
Attaquant Inter Milan Marcus Thuram
99%
Défenseur Arsenal FC William Saliba
99%
Attaquant Paris SG Bradley Barcola
97%
Gardien de but Stade Rennais Brice Samba
97%
Attaquant Paris SG Désiré Doué
97%
Milieu de terrain Real Madrid Eduardo Camavinga
97%
Attaquant Real Madrid Kylian Mbappé
97%
Attaquant Paris SG Ousmane Dembélé
97%
Défenseur AC Milan Théo Hernandez
97%
Défenseur Inter Milan Benjamin Pavard
96%
Défenseur Liverpool FC Ibrahima Konaté
96%
Défenseur Aston Villa Lucas Digne
96%
Milieu de terrain Lazio Rome Matteo Guendouzi
96%
Attaquant Bayern Munich Michael Olise
96%
Milieu de terrain Olympique de Marseille Adrien Rabiot
95%
Milieu de terrain Paris SG Warren Zaïre-Emery
92%
Défenseur Bayern Munich Dayot Upamecano
91%
Défenseur OGC Nice Jonathan Clauss
90%
Attaquant Paris SG Randal Kolo Muani
82%
Milieu de terrain AS Roma Manu Koné
76%
Aucun quiz correspondant
Distribution des résultats
% des personnes avec chaque résultat
Percentile par nombre de réponses
Votre historique - résultats
Vous n’avez pas pris ce quiz